|
|
|
|
| LEADER |
00000nab a2200000 a 4500 |
| 001 |
vtls000631357 |
| 003 |
SK-MaSNL |
| 005 |
20260304101242.0 |
| 008 |
250426c1997 xo 0 slo |
| 015 |
|
|
|a SNBRB19rr/mm-uuuuu
|
| 035 |
|
|
|a CL0631496
|
| 035 |
|
|
|a urn:nbn:sk:snk-abbr0k
|
| 035 |
|
|
|a (urnnbn)urn:nbn:sk:snk:ar-0053x8
|
| 035 |
|
|
|a (uuid)2e67ae10-3a99-4702-abb3-5001aa2c537e
|
| 040 |
|
|
|a SNKBUCL
|b slo
|c SNKBUCL
|e AACR2
|
| 041 |
0 |
|
|a slo
|
| 044 |
|
|
|a xo
|c SK
|
| 080 |
|
|
|a 82:061.7
|2 1981
|
| 080 |
|
|
|a 895.6:061.7
|2 1981
|
| 080 |
|
|
|a 82:929:895.6
|2 1981
|
| 080 |
|
|
|a 929 Jú, Miri
|2 1981
|
| 100 |
1 |
|
|a Domiková-Hašimoto, Dana
|4 aut
|9 1329770
|
| 245 |
1 |
0 |
|a List z Japonska
|c Dana Domiková-Hašimoto
|
| 300 |
|
|
|b Fotogr. 3
|
| 600 |
1 |
7 |
|a Jú, Miri
|d 1968-
|x profily
|2 snkbucl
|9 1396382
|
| 650 |
0 |
7 |
|a japonská literatúra
|2 snkbucl
|9 1733
|
| 650 |
0 |
7 |
|a literárne ceny
|2 snkbucl
|9 72846
|
| 650 |
0 |
7 |
|a Akutagawova cena
|2 snkbucl
|9 1396383
|
| 650 |
0 |
7 |
|a Jú, Miri
|2 snkbucl
|9 1396384
|
| 655 |
|
7 |
|a články z novín a časopisov
|2 snkbucl
|9 267496
|
| 773 |
0 |
|
|t Revue svetovej literatúry
|g Roč. 33, č. 2 (1997), s. 93-98
|x 0231-6269
|
| 850 |
|
|
|a Slovenská národná knižnica
|
| 852 |
|
|
|a Slovenská národná knižnica
|
| 958 |
|
|
|a article15
|
| 958 |
|
|
|a LX
|
| 958 |
|
|
|a JP
|
| 958 |
|
|
|a BC
|
| 958 |
|
|
|a RK
|
| 958 |
|
|
|a OND
|
| 958 |
|
|
|a EUIPO
|
| 992 |
|
|
|a RBX
|
| 999 |
|
|
|c 2841185
|d 2843115
|